Sports Quiz

Random Sports or NCAA Quiz

Anyone but Magic Johnson Quiz Stats

 Plays Quiz Updated Aug 14, 2019

Score 0/52 Timer 06:00
15 Plays Today
Hint Answer % Correct
Played in 9+ NBA FinalsLeBron James
88.7%
Won NBA MVP Award, Finals MVP Award and All-Star Game MVP AwardLeBron James
87.9%
Recorded 8,000+ Regular Season AssistsLeBron James
87.9%
Recorded a Triple-double in an NBA Finals Clinching GameLeBron James
87.9%
Won NBA MVP Award, Finals MVP Award and All-Star Game MVP AwardKobe Bryant
87.1%
Won NBA MVP Award, Finals MVP Award and All-Star Game MVP AwardMichael Jordan
83.9%
Won Steals Champion More than OnceMichael Jordan
83.9%
Won NBA MVP Award, Finals MVP Award and All-Star Game MVP AwardLarry Bird
80.5%
Recorded a Triple-double in an NBA Finals Clinching GameLarry Bird
80.5%
Played in 9+ NBA FinalsKareem Abdul-Jabbar
77.6%
Won NBA MVP Award, Finals MVP Award and All-Star Game MVP AwardShaquille O'Neal
76.7%
Recorded 8,000+ Regular Season AssistsJohn Stockton
75.2%
Won Steals Champion More than OnceJohn Stockton
75.2%
Won NCAA and NBA Championships in Consecutive YearsBill Russell
74.5%
Played in 9+ NBA FinalsBill Russell
74.5%
Played in 9+ NBA FinalsJerry West
71.1%
Won NBA MVP Award, Finals MVP Award and All-Star Game MVP AwardWilt Chamberlain
62.2%
Recorded 8,000+ Regular Season AssistsJason Kidd
61%
Recorded 8,000+ Regular Season AssistsSteve Nash
60.4%
Won NBA MVP Award, Finals MVP Award and All-Star Game MVP AwardTim Duncan
55.7%
Recorded a Triple-double in an NBA Finals Clinching GameTim Duncan
55.7%
Recorded a Triple-double in an NBA Finals Clinching GameJames Worthy
54.9%
Won NBA MVP Award, Finals MVP Award and All-Star Game MVP AwardKevin Durant
54.4%
Recorded a Triple-double in an NBA Finals Clinching GameKevin Durant
53.7%
Played in 9+ NBA FinalsSam Jones
47.8%
Recorded 8,000+ Regular Season AssistsIsiah Thomas
46.5%
Hint Answer % Correct
Recorded 8,000+ Regular Season AssistsOscar Robertson
45%
Won Steals Champion More than OnceAlvin Robertson
44.5%
Recorded 8,000+ Regular Season AssistsChris Paul
44.3%
Won Steals Champion More than OnceChris Paul
44.3%
Won Steals Champion More than OnceAllen Iverson
39.7%
Recorded 8,000+ Regular Season AssistsGary Payton
39.4%
Recorded a Triple-double in an NBA Finals Clinching GameDraymond Green
39.4%
Recorded 8,000+ Regular Season AssistsMark Jackson
37.9%
Awarded J. Walter Kennedy Citizenship Award While Playing for the LakersPau Gasol
25.8%
Recorded 8,000+ Regular Season AssistsAndre Miller
24.6%
Won NCAA and NBA Championships in Consecutive YearsBilly Thompson
24.2%
Played in 9+ NBA FinalsTom Heinsohn
19%
Awarded J. Walter Kennedy Citizenship Award While Playing for the LakersMichael Cooper
18.1%
Won Steals Champion More than OnceBaron Davis
15.1%
Awarded J. Walter Kennedy Citizenship Award While Playing for the LakersRon Artest
13.5%
Won NBA MVP Award, Finals MVP Award and All-Star Game MVP AwardWillis Reed
13.3%
Got Drafted in 1979 and Played in the All-Star GameSidney Moncrief
9.8%
Got Drafted in 1979 and Played in the All-Star GameBill Laimbeer
7.1%
Won Steals Champion More than OnceMookie Blaylock
6.4%
Won Steals Champion More than OnceMicheal Ray Richardson
6.3%
Got Drafted in 1979 and Played in the All-Star GameBill Cartwright
5.5%
Won NCAA and NBA Championships in Consecutive YearsHenry Bibby
4.6%
Got Drafted in 1979 and Played in the All-Star GameMark Eaton
4%
Got Drafted in 1979 and Played in the All-Star GameJim Paxson
3.8%
Got Drafted in 1979 and Played in the All-Star GameCalvin Natt
2.8%
Got Drafted in 1979 and Played in the All-Star GameJames Donaldson
2.3%

You're not logged in!

Compare scores with friends on all Sporcle quizzes.
OR
Log In

Sporcle TV

Today on Sporcle TV


Watch our educational content, quiz creation guides, and fun videos on Sporcle TV.

Show Comments

Extras

Top Quizzes Today


Score Distribution

Your Account Isn't Verified!

In order to create a playlist on Sporcle, you need to verify the email address you used during registration. Go to your Sporcle Settings to finish the process.

Report this User

Report this user for behavior that violates our Community Guidelines.

Details: